00338 a2200109 4500001001000000005001700010008004100027245007300068100001900141773005100160999001700211ART_3082620260410161706.0260409a 10aCompensaciones, deducciones y transacciones en el derecho tributario1 aOklander, Juan0 tRevista Impuestosg- NÂș 9 (may. 2008)wREV639 c15602d15602